Textbook of Biotechnology (Record no. 234472)

000 -LEADER
fixed length control field 00564nam a22001337a 4500
003 - CONTROL NUMBER IDENTIFIER
control field Nust
005 - DATE AND TIME OF LATEST TRANSACTION
control field 20170321121922.0
008 - FIXED-LENGTH DATA ELEMENTS--GENERAL INFORMATION
fixed length control field 140206t xxu||||| |||| 00| 0 eng d
020 ## - INTERNATIONAL STANDARD BOOK NUMBER
International Standard Book Number 978-81-89473-27-3
040 ## - CATALOGING SOURCE
Transcribing agency ASAB
082 ## - DEWEY DECIMAL CLASSIFICATION NUMBER
Classification number 660.6
245 ## - TITLE STATEMENT
Title Textbook of Biotechnology
Statement of responsibility, etc. Hemant Rawat
300 ## - PHYSICAL DESCRIPTION
Extent 292 p.
942 ## - ADDED ENTRY ELEMENTS (KOHA)
Source of classification or shelving scheme
Koha item type Book
Holdings
Withdrawn status Lost status Source of classification or shelving scheme Damaged status Not for loan Collection code Permanent Location Current Location Date acquired Total Checkouts Full call number Barcode Date last seen Price effective from Koha item type
            Atta-ur-Rahman School of Applied Biosciences (ASAB) Atta-ur-Rahman School of Applied Biosciences (ASAB) 03/21/2017   660.6 RAW ASAB2217 03/21/2017 03/21/2017 Book
© 2023 Central Library, National University of Sciences and Technology. All Rights Reserved.